00529nam a2200145Ia 4500008004100000020001800041040002900059050002200088100002100110245006900131260004500200942000700245952011600252999001500368221221s9999 xx 000 0 und d a0-9728194-0-1 cChuka University Library aHF 5691 bR6 2003 aRosko, P.,92798 0aFinance with feeling at last: a finance book you can understand aProsko Publishing Co.bMinneapolisc2003 cBK 001040708LGLaCHKbCHKcGENd2022-12-21l0oHF 5691 .R6 2003p1498/2006r2022-12-21 00:00:00w2022-12-21yBK c3721d3721